000 00637cam a2200205 a 4500
001 000014009
005 20240508200520.0
008 971205s1997 ag b 001 0 spa
020 _a9505772122
040 _aDO-SdBNP
_bspa
_cLC
_dBNPHU
082 _a341
_bC545d
100 1 _aCho, Key-Sung.
_931694
245 1 0 _aDerecho internacional /
_cKey-Sung Cho.
260 _aCapital Federal, Argentina :
_bBelgrano,
_c1997.
300 _a608 p. ;
_c24 cm.
504 _aReferencias bibliográficas (p. [579]-585) e índice.
650 0 _aDerecho internacional
_93258
910 _aCatalogación por copia / LC
999 _a1
_n0000105
_c13613
_d13613
049 _aBNGR